Filmy - Reżyserzy - Statystyki

Ogólne statystyki
  • Ten quiz został rozwiązany 50 razy
  • Średni wynik to 10 z 21
Statystyki odpowiedzi
Film rok produkcji reżyser % Poprawnych
2001: Odyseja kosmiczna 1968 Stanley Kubrick
80%
Pianista 2002 Roman Polański
78%
Pulp Fiction 1994 Quentin Tarantino
76%
Lista Schindlera 1993 Steven Spielberg
73%
Psychoza 1960 Alfred Hitchcock
62%
Dyktator 1940 Charlie Chaplin
62%
Taksówkarz 1976 Martin Scorsese
62%
Ojciec Chrzestny 1972 Francis Ford Coppola
60%
Miś 1981 Stanisław Bareja
60%
Terminator 1984 James Cameron
56%
Incepcja 2010 Christopher Nolan
51%
Podziemny Krąg (Fight Club) 1999 David Fincher
51%
Władca Pierścieni: Powrót Króla 2003 Peter Jackson
51%
Gwiezdne Wojny: część III - Zemsta Sithów 2005 George Lucas
44%
Lot nad kukułczym gniazdem 1975 Milos Forman
44%
Forrest Gump 1994 Robert Zemeckis
31%
Marsjanin 2015 Ridley Scott
27%
Skazani na Shawshank 1994 Frank Darabont
22%
Blade Runner 2049 2017 Denis Villeneuve
18%
Piękny Umysł 2001 Ron Howard
16%
Avengers 2012 Joss Whedon
7%
Nie znaleziono quizów pasujących do podanych kryteriów
Rozkład punktacji
Procent ludzi z każdym wynikiem
Percentyl według liczby udzielonych odpowiedzi
Twoja historia wyników
Nie rozwiązałeś tego quizu